000 01022nam a2200253 i 4500
001 128948
003 ES-MaACL
005 20260214172105.0
007 t|
008 070531s1962 mx ||||1| spa d
245 0 0 _aTeatro flamenco contemporáneo /
_crecopilación, traducción, prólogo y notas de F.M. Lorda Alaiz.
260 _aMéxico :
_bAguilar,
_c[1962]
300 _a412 p. ;
_c20 cm.
505 8 _aContiene: El hombre sin cuerpo / Herman Teirlinck.-- La bella durmiente / Raymond Brulez.-- Agamenón / Herwig Hensen.-- Una novia en la mañana / Hugo Claus.-- Sentencia provisional / Josef van Hoeck.-- Ahora que la aldea ya no existe / Tone Brulin
700 1 _aTeirlinck, Herman.
_9109527
700 1 _aBrulez, Raymon.
_932121
700 1 _aHerwin, Hensen.
_963436
700 1 _aClaus, Hugo.
_939093
700 1 _aHoeck, Josef van.
_963912
700 1 _aBrulin, Tone.
_932122
700 1 _aLorda Alaiz, F. M.,
_d1918-1992
_974084
852 _aES-MaACL
_jC-56395
_bR.89107
999 _c128948
_d128948